ՀՀ Գիտությունների ազգային ակադեմիայի հիմնարար գիտական գրադարան  =   Fundamental Scientific Library of NAS RA

Исследование работы прямоугольных железобетонных резервуаров при температурных воздействиях : (Record no. 516136)

MARC details
000 -LEADER
fixed length control field 01118nam a2200229 4500
003 - CONTROL NUMBER IDENTIFIER
control field AM-YEHGA
001 - CONTROL NUMBER
control field 1694925
005 - DATE AND TIME OF LATEST TRANSACTION
control field 20250617164010.0
008 - FIXED-LENGTH DATA ELEMENTS--GENERAL INFORMATION
fixed length control field 200219s1961 ru a||||r|||||00||0|rus|d
040 ## - CATALOGING SOURCE
Original cataloging agency AM-YeHGA
041 0# - LANGUAGE CODE
Language code of text/sound track or separate title rus
090 ## - LOCALLY ASSIGNED LC-TYPE CALL NUMBER (OCLC); LOCAL CALL NUMBER (RLIN)
-- 519679
100 1# - MAIN ENTRY--PERSONAL NAME
Personal name Сафарян, Мисак Карапетович
245 10 - TITLE STATEMENT
Title Исследование работы прямоугольных железобетонных резервуаров при температурных воздействиях :
Remainder of title Обобщение опыта проектирования, строительства и эксплуатации /
Statement of responsibility, etc. М.К.Сафарян, Ю.К. Ищенко, Н.М. Месропян.
Medium
260 ## - PUBLICATION, DISTRIBUTION, ETC.
Place of publication, distribution, etc. Москва :
Name of publisher, distributor, etc. ВНИИСТ Главгаза СССР,
Date of publication, distribution, etc. 1961.
300 ## - PHYSICAL DESCRIPTION
Extent 167 с. :
Other physical details ил.;
Dimensions 21 см.
490 0# - SERIES STATEMENT
Series statement Научное сообщение
650 14 - SUBJECT ADDED ENTRY--TOPICAL TERM
Topical term or geographic name entry element Нефтяные резервуары, железобетонные
700 1# - ADDED ENTRY--PERSONAL NAME
Personal name Ищенко, Юрий Константинович
700 1# - ADDED ENTRY--PERSONAL NAME
Personal name Месропян, Николай Мушегович
942 ## - ADDED ENTRY ELEMENTS (KOHA)
Source of classification or shelving scheme Universal Decimal Classification
Koha item type Գրքեր / Books
Holdings
Withdrawn status Lost status Damaged status Not for loan Collection Home library Current library Date acquired Total checkouts Full call number Barcode Date last seen Price effective from Koha item type Public note
        General Fundamental Scientific Library Fundamental Scientific Library 06/09/2021   РII/60327 FL0657557 06/09/2021 06/09/2021 Գրքեր / Books 30 Days Loan


ՀՀ ԳԱԱ հիմնարար գիտական գրադարան
ՀՀ,Երևան 0019
Մարշալ Բաղրամյան 24/6
հեռախոս:(374-10) 52-47-50
Հետադարձ կապ

All site content, except where otherwise noted, is licensed under a
Creative Commons License